Sgt. Pepper's Lonely Hearts Club Band - Songs - Statistics

General Stats
  • This quiz has been taken 62 times
  • The average score is 9 of 13
Answer Stats
Plays Song Names % Correct
106,711,675 Sgt. Pepper's Lonely Hearts Club Band
94%
196,005,259 Lucy In The Sky With Diamonds
91%
139,539,479 A Day In The Life
82%
147,083,531 With A Little Help From My Friends
82%
17,594,763 Good Morning Good Morning
71%
102,783,071 When I'm Sixty Four
71%
41,737,152 Fixing A Hole
68%
28,342,610 Lovely Rita
68%
22,102,323 Sgt. Pepper's Lonely Hearts Club Band - Reprise
65%
43,715,053 Getting Better
62%
41,182,005 Within You Without You
62%
24,380,940 Being For The Benefit Of Mr. Kite!
59%
68,139,871 She's Leaving Home
59%
No matching quizzes found
Score Distribution
Percent of People with Each Score
Percentile by Number Answered
Your Score History
You have not taken this quiz